00641nam a2200217Ia 4500008004100000020001800041050001600059050001400075100001900089245006000108245008400168245003700252260001000289260003000299260000900329300001600338300002000354300001100374500002000385650001800405180523s9999 xx 000 0 und d a0-910627-47-9 aMAIN TX 925 b.A73 2005 aArduser, Lora. 4aThe Waiter & waitress and waitstaff training handbook : 2ba complete guide to the proper steps in service for food & beverage employees / 0cLora Arduser & Douglas R. Brown. aUSA : bAtlantic Pub. Group Inc., c2005 a284 pages : billustrations ; c23 cm. aIncludes index. aTable service